[Event "Tch-FIN 2004-5"]
[Site "Finland FIN"]
[Date "2004.11.14"]
[Round "5"]
[White "Lehtivaara,P"]
[Black "Kivimaki,J"]
[Result "1-0"]
[WhiteElo "2335"]
[BlackElo "2208"]

1.d4 d5 2.c4 dxc4 3.e4 Nc6 4.d5 Ne5 5.Qd4 Nd3+ 6.Bxd3 cxd3 7.Nc3 e6 8.Nf3 Nf6
9.O-O Be7 10.Qxd3 O-O 11.Rd1 exd5 12.e5 Nd7 13.Nxd5 c6 14.Nxe7+ Qxe7 15.Ng5 f5
16.f4 Nc5 17.Qa3 Re8 18.Be3 Ne6 19.Qxe7 Rxe7 20.Nf3 b6 21.Rd6 Bb7 22.Rad1 Kf7
23.Rxe6 Rxe6 24.Ng5+ Ke7 25.Nxe6 Kxe6 26.Rd6+ Ke7 27.Bf2 c5 28.Bh4+ Ke8 29.e6 Rc8
30.Rd7 Ba6 31.Rxg7 Kf8 32.Rxh7 Kg8 33.Rd7 Bc4 34.e7  1-0

[Event "Stek Cup"]
[Site "Tula RUS"]
[Date "2004.11.20"]
[Round "5"]
[White "Afromeev,V"]
[Black "Shestakov,Se"]
[Result "1-0"]
[WhiteElo "2547"]
[BlackElo "2342"]

1.d4 d5 2.c4 dxc4 3.e4 e5 4.Bxc4 Qxd4 5.Qb3 Qxe4+ 6.Be3 Qxg2 7.Bxf7+ Kd8
8.Nc3 Qxh1 9.O-O-O+ Nd7 10.Bxg8 Be7 11.Qf7 Qg2 12.Nf3 c6 13.Nxe5 Qxh2 14.Nxd7 Bxd7
15.Qxg7  1-0

[Event "Lushki B"]
[Site "Serpukhov RUS"]
[Date "2004.11.22"]
[Round "5"]
[White "Khudaverdieva,A"]
[Black "Khamitskiy,S"]
[Result "0-1"]
[WhiteElo "2086"]
[BlackElo "2230"]

1.d4 d5 2.c4 dxc4 3.e4 e5 4.Nf3 exd4 5.Bxc4 Nc6 6.O-O Be6 7.Bxe6 fxe6 8.Qb3 Qd7
9.Qxb7 Rb8 10.Qa6 Nf6 11.Nbd2 Bb4 12.Qd3 Bxd2 13.Bxd2 Rxb2 14.Rac1 O-O 15.Rc5 Ng4
16.Rfc1 Qd6 17.Rh5 Nce5 18.Nxe5 Nxe5 19.Qe2 c5 20.f4 Rxf4 21.Rxh7 Rg4 22.Rh5 Rxd2  0-1

[Event "Stek Cup"]
[Site "Tula RUS"]
[Date "2004.11.26"]
[Round "10"]
[White "Biriukov,I"]
[Black "Shestakov,Se"]
[Result "1/2-1/2"]
[WhiteElo "2256"]
[BlackElo "2342"]

1.d4 d5 2.c4 dxc4 3.e4 Nc6 4.Nf3 Bg4 5.Bxc4 e6 6.d5 exd5 7.Bxd5 Nf6 8.O-O Be7
9.Bxc6+ bxc6 10.Qxd8+ Rxd8 11.Nc3 Nd7 12.Be3 a5 13.Nd4 Ne5 14.h3 Bd7 15.b3 O-O
16.Rad1 Bb4 17.Nde2 Be6 18.Bf4 f6 19.Rxd8 Rxd8 20.Rd1 Rxd1+ 21.Nxd1 Kf7 22.Nd4 Bd7
23.Nc2 Bc5 24.Bd2 Bb6 25.Kf1 c5 26.Nc3 Bc6 27.Be3 Ba8 28.Ke1 Ke6 29.Kd2 Bb7
30.Na3 Ba6 31.f3 Nd7 32.Nc4 Bb7 33.g4 g6  1/2-1/2

[Event "Petrosian Mem Internet"]
[Site "ICC INT"]
[Date "2004.12.23"]
[Round "6"]
[White "Sargissian,G"]
[Black "Bauer,Ch"]
[Result "0-1"]
[WhiteElo "2611"]
[BlackElo "2622"]

1.d4 d5 2.c4 dxc4 3.e4 Nf6 4.e5 Nd5 5.Bxc4 Nb6 6.Bd3 Nc6 7.Be3 Nb4 8.Be4 f5
9.exf6 exf6 10.Nc3 f5 11.Bf3 c6 12.Nh3 Bd6 13.O-O O-O 14.a3 N4d5 15.Nxd5 cxd5
16.Bf4 h6 17.Qc1 Be6 18.Bxd6 Qxd6 19.Qc5 Rfd8 20.Qxd6 Rxd6 21.Nf4 g5 22.Nd3 Rc8
23.Nc5 Rc7 24.Rac1 Bf7 25.b3 Nd7 26.Be2 Nf8 27.b4 b6 28.Nb3 Rdc6 29.Rxc6 Rxc6
30.Rc1 Rxc1+ 31.Nxc1 Ne6 32.Nb3 Kf8 33.Bd3 f4 34.Kf1 Be8 35.b5 Ke7 36.Ke1 Kd6
37.Kd2 Bd7 38.Kc3 g4 39.Nd2 Ng5 40.Bf1 h5 41.a4 Bf5 42.Bd3 Ke6 43.f3 g3 44.hxg3 fxg3
45.f4 Ne4+ 46.Nxe4 dxe4 47.Bc4+ Kd6 48.Kd2 h4 49.Ke3 h3 50.gxh3 Bxh3 51.f5 Bxf5
52.Bf1 Kd5 53.Bg2 Bg6 54.Bh1 Kc4 55.Bg2 Bf7 56.Bxe4 Bd5 57.Bg6 g2 58.Kf2 Kxd4
59.Be8 Kc5 60.Bd7 Bb3 61.Bh3 Bxa4 62.Bxg2 Bxb5 63.Ke3 Bc4 64.Kd2 b5 65.Kc2 a5
66.Kb2 b4 67.Bf3 a4 68.Bd1 Kb5 69.Bc2 Be2 70.Ka2 a3 71.Ka1 Kc4 72.Ba4 Kc3
73.Ka2 Bc4+ 74.Ka1 Bd3 75.Bb3 Bc2 76.Ba2 Ba4 77.Be6 Bb5  0-1

[Event "Gibraltar Masters"]
[Site "Caleta ENG"]
[Date "2005.01.03"]
[Round "10"]
[White "Cmilyte,V"]
[Black "Thorfinnsson,Bj"]
[Result "1-0"]
[WhiteElo "2468"]
[BlackElo "2356"]

1.d4 d5 2.c4 dxc4 3.e4 e5 4.Nf3 exd4 5.Bxc4 Nc6 6.O-O Be6 7.Bb5 Bc5 8.Qc2 Bb6
9.Bxc6+ bxc6 10.Qxc6+ Bd7 11.Qc2 Nf6 12.e5 Nd5 13.Bg5 Ne7 14.Nbd2 h6 15.Bh4 Bf5
16.Qc4 g5 17.Bg3 Qd5 18.Rfd1 Rd8 19.Qxd5 Rxd5 20.Nc4 d3 21.Rac1 O-O 22.Ne3 Rb5
23.b3 Bg6 24.h4 Rb4 25.hxg5 hxg5 26.Nxg5 Bxe3 27.fxe3 Rg4 28.Bf4 Nd5 29.Nf3 f6
30.Rc4 Be4 31.Rxe4 Nc3 32.Rd4 Ne2+ 33.Kh2 Nxd4 34.Nxd4 fxe5 35.Bxe5 Rf2 36.Bg3 Rxa2
37.Rxd3 c5 38.Nb5 c4 39.Rd8+ Kf7 40.Kh3 Rg5 41.Nd6+ Ke7 42.Bh4 Rxg2 43.Ne4 Kxd8
44.Bxg5+ Rxg5 45.Nxg5 cxb3 46.Ne4 Kc7 47.Kg4 Kc6 48.Nd2 b2 49.e4 a5 50.e5 Kd5
51.Kf5 Kd4 52.e6 Kd3 53.Nb1 Kc2 54.e7 Kxb1 55.e8=Q Kc2 56.Qa4+ Kc1 57.Qc4+  1-0

[Event "Open A"]
[Site "Krakow POL"]
[Date "2005.01.04"]
[Round "9"]
[White "Cherednichenko,S"]
[Black "Tazbir,M"]
[Result "0-1"]
[WhiteElo "2225"]
[BlackElo "2340"]

1.d4 d5 2.c4 dxc4 3.e4 Nc6 4.Be3 e5 5.d5 Nce7 6.Bxc4 a6 7.a4 Ng6 8.Ne2 Bd6
9.O-O Nf6 10.Nbc3 Ng4 11.Bd2 O-O 12.h3 Nh6 13.Qc1 f5 14.Bxh6 f4 15.Bxf4 exf4
16.Nd4 Ne5 17.Be2 f3 18.Nxf3 Nxf3+ 19.Bxf3 Rxf3 20.gxf3 Bxh3 21.Qe3 Qh4 22.Ne2 Bxf1
23.Kxf1 Qh3+ 24.Ke1 Qh1+ 25.Kd2 Qxa1 26.Qd4 Re8 27.f4 b6  0-1

[Event "IMA1"]
[Site "Marianske Lazne CZE"]
[Date "2005.01.29"]
[Round "8"]
[White "Furman,Bo"]
[Black "Wiley,To"]
[Result "0-1"]
[WhiteElo "2346"]
[BlackElo "2208"]

1.d4 d5 2.c4 dxc4 3.e4 Nc6 4.Nf3 Bg4 5.Bxc4 e6 6.Be3 Bxf3 7.gxf3 Qf6 8.Bb5 Bb4+
9.Kf1 Ne7 10.e5 Qh4 11.Rg1 O-O-O 12.Qa4 Qxh2 13.Nc3 a6 14.Bxc6 Nxc6 15.Rc1 Qh3+
16.Rg2 Qh1+ 17.Rg1 Qxf3 18.Ne2 Be7 19.Rg3 Qh1+ 20.Ng1 Qe4 21.Rxg7 Rhg8 22.Rxg8 Rxg8
23.Qd1 Bg5 24.Qf3 Qd3+ 25.Qe2 Qg6 26.Nf3 Be7 27.a3 h5 28.Ke1 h4 29.Kd2 Qe4
30.Rh1 Rd8 31.Rh3 Nxe5 32.Nxe5 Qxe5 33.Qf3 f5 34.Kc2 Qb5 35.Qf4 Qc4+ 36.Kd2 Bd6  0-1

[Event "Corus C"]
[Site "Wijk aan Zee NED"]
[Date "2005.01.29"]
[Round "12"]
[White "Wempe,Jo"]
[Black "Muhren,B"]
[Result "1-0"]
[WhiteElo "2265"]
[BlackElo "2295"]

1.d4 d5 2.c4 dxc4 3.e4 Nc6 4.d5 Ne5 5.Bf4 Ng6 6.Bg3 e5 7.Nf3 Bd6 8.Nbd2 Nf6
9.Qc2 Qe7 10.Nxc4 O-O 11.Nxd6 cxd6 12.Be2 Bd7 13.Nd2 Rfe8 14.O-O h5 15.h4 Ng4
16.Nf3 Nf4 17.Qd2 Qf6 18.Rac1 a6 19.Bxf4 exf4 20.Rc7 Rad8 21.Ng5 b5 22.Ra7 Qe5
23.Rxa6 Ra8 24.Rxa8 Rxa8 25.a3 g6 26.Bf3 f6 27.Nh3 g5 28.Rc1 Qe8 29.hxg5 Ne5
30.Nxf4 Nxf3+ 31.gxf3 fxg5 32.Ne6 Bxe6 33.Qxg5+ Kh7 34.dxe6 Ra7 35.Qf5+ Qg6+
36.Qxg6+ Kxg6 37.Rc6 Kf6 38.Rxd6 Rg7+ 39.Kf1 h4 40.Rd5 Rb7 41.Rh5  1-0

[Event "10th HIT Open A"]
[Site "Nova Gorica SLO"]
[Date "2005.01.31"]
[Round "6"]
[White "Azmaiparashvili,Z"]
[Black "Borisek,J"]
[Result "1/2-1/2"]
[WhiteElo "2662"]
[BlackElo "2489"]

1.d4 d5 2.c4 dxc4 3.e4 e5 4.Nf3 exd4 5.Bxc4 Nc6 6.O-O Be6 7.Bxe6 fxe6 8.Qb3 Qd7
9.Qxb7 Rb8 10.Qa6 Nf6 11.Nbd2 Bd6 12.Qd3 O-O 13.a3 e5 14.Nc4 h6 15.Bd2 Qe6
16.Rac1 Ne7 17.Nfxe5 Bxe5 18.f4 Bxf4 19.Bxf4 Rbc8 20.Qxd4 Nc6 21.Qe3 Qxe4
22.Nd2 Qd5 23.Nf3 Rfe8 24.Qc5 Re6 25.Rfd1 Qb3 26.Qc4 Qb6+ 27.Kh1 Na5 28.Qa2 Qb3
29.Qxb3 Nxb3 30.Rxc7 Rxc7 31.Bxc7 Re2 32.Be5 Ng4 33.Rd8+ Kh7 34.Bc3 Nf2+
35.Kg1 Ne4 36.Be5 Nbc5 37.h4 Kg6 38.Rg8 Ne6 39.Re8 Kf5 40.Re7 g5 41.Rf7+ Kg6
42.Re7 Kf5 43.hxg5 hxg5 44.Rxe6 Kxe6 45.Nd4+ Kxe5 46.Nxe2 Kd5 47.Kf1 Nd2+
48.Kf2 Ke4 49.Nc3+ Kd3 50.Nb5 a5 51.Nd6 a4 52.Ke1 Kc2 53.Ke2 g4 54.Ke3 Nf1+
55.Kf2 Nd2 56.Ke2 g3 57.Ke1 Nb1 58.Nc4 Kb3 59.Nb6 Kxb2 60.Nxa4+ Kxa3 61.Nc5 Kb4
62.Ne4 Kc4 63.Nxg3 Kd4 64.Ke2 Nc3+ 65.Kf3 Ke5 66.Nf1 Nb5 67.Kg4 Kf6 68.Kh5 Kg7
69.Ne3 Nd6 70.Nd5 Ne4 71.Kg4 Nd6 72.Nf4 Kf6 73.Kh5 Ne4 74.Nd5+ Ke5 75.Nb4 Ng3+
76.Kg5 Ne4+ 77.Kh4 Kf5 78.Nd5 Ke5 79.Ne3 Kf4 80.Nc4 Kf5 81.Ne3+ Kf4 82.Nf1 Ke5
83.Ng3 Nd6 84.Kg5 Nc4 85.Nf1 Ke4 86.Kh4 Kf5 87.Kh5 Ne5 88.g3 Ng4 89.Kh4 Nf2
90.Ne3+ Kg6 91.Nd5 Ne4 92.g4 Kg7  1/2-1/2

[Event "VIII Malaga Open"]
[Site "Campillos ESP"]
[Date "2005.02.24"]
[Round "7"]
[White "Komljenovic,D"]
[Black "Slaby,J"]
[Result "1-0"]
[WhiteElo "2492"]
[BlackElo "2401"]

1.d4 d5 2.c4 dxc4 3.e4 e5 4.Nf3 exd4 5.Bxc4 Nc6 6.O-O Be6 7.Bxe6 fxe6 8.Qb3 Qd7
9.Qxb7 Rb8 10.Qa6 Nf6 11.Nbd2 Bb4 12.a3 Bxd2 13.Nxd2 O-O 14.b4 Ne5 15.Qxa7 Rb6
16.Qa5 Nd3 17.Qg5 Qc6 18.e5 Rb5 19.Qh4 Nd5 20.Qe4 Qc3 21.Nf3 Rxf3 22.Qxf3 c5
23.Qg4 Kf7 24.Qh5+ Kf8 25.Qxh7 Nxe5 26.Bh6 gxh6 27.Qh8+ Ke7 28.Qxe5 d3 29.Qe4 c4
30.Rfc1 Qb2 31.Qxc4 d2 32.Rcb1  1-0

[Event "XI Anibal Open"]
[Site "Linares ESP"]
[Date "2005.02.28"]
[Round "4"]
[White "Candela Perez,J"]
[Black "Korneev,O"]
[Result "0-1"]
[WhiteElo "2431"]
[BlackElo "2602"]

1.d4 d5 2.c4 dxc4 3.e4 Nc6 4.Be3 Nf6 5.Nc3 e5 6.d5 Na5 7.Nf3 Bd6 8.Bxc4 Nxc4
9.Qa4+ Bd7 10.Qxc4 a6 11.a4 O-O 12.O-O Nh5 13.Nd2 Qf6 14.Qe2 Nf4 15.Qf3 g5
16.Nc4 Kh8 17.g3 Nh3+ 18.Kg2 Qg6 19.g4 Nf4+ 20.Kh1 h5 21.gxh5 Nxh5 22.Rg1 f6
23.Qg2 Rf7 24.Ne2 Rh7 25.Nxd6 cxd6 26.f4 Bh3 27.Qf3 g4 28.Qxh3 Qxe4+ 29.Qg2 Qxe3
30.Qxg4 f5 31.Qg2 exf4 32.Ra3 Qe4 33.Rh3 Ng3+ 34.Nxg3 Qxg2+ 35.Kxg2 f3+ 36.Kxf3 Rxh3
37.Kf4 Rxh2 38.Kxf5 Rg8 39.Rh1 Rxh1 40.Nxh1 Rg1 41.Ke6 Rxh1 42.Kxd6 Rb1 43.a5 Rxb2
44.Kc7 Rb5 45.d6 Rxa5  0-1

[Event "XI Anibal Open"]
[Site "Linares ESP"]
[Date "2005.03.01"]
[Round "6"]
[White "Candela Perez,J"]
[Black "Ivanov,J"]
[Result "1-0"]
[WhiteElo "2431"]
[BlackElo "2354"]

1.d4 d5 2.c4 dxc4 3.e4 Nf6 4.e5 Nd5 5.Bxc4 Nc6 6.Ne2 Nb6 7.Bd3 Bg4 8.f3 Be6
9.Nbc3 Bc4 10.Be4 e6 11.O-O Qd7 12.Bg5 h6 13.Bh4 Nd5 14.Qd2 Nxc3 15.bxc3 Nxe5
16.Bxb7 Rb8 17.Rab1 c6 18.dxe5 Bc5+ 19.Kh1 Bb6 20.Rfd1 Qxb7 21.Qd6 g5 22.Ng3 Qc7
23.Qb4 Bd5 24.Nh5 c5 25.Qg4 gxh4 26.c4 Bc6 27.Rd6 Ba5 28.Rbd1 Bc3 29.Qg7 Qxd6
30.Nf6+  1-0

[Event "Sozina Open"]
[Site "Bar SCG"]
[Date "2005.03.04"]
[Round "1"]
[White "Lekic,D"]
[Black "Kurtovic,V"]
[Result "1-0"]
[WhiteElo "2364"]
[BlackElo "1958"]

1.d4 d5 2.c4 dxc4 3.e4 e5 4.Nf3 exd4 5.Qxd4 Qxd4 6.Nxd4 Bb4+ 7.Nc3 a6 8.Bxc4 Ne7
9.O-O O-O 10.Bf4 c5 11.Nc2 Bxc3 12.bxc3 b5 13.Be2 Nbc6 14.Bd6 c4 15.a4 Bb7
16.Rfd1 Rfe8 17.f3 f5 18.Rab1 Na7 19.Bxc4+ Kh8 20.axb5 axb5 21.Bxb5 Nxb5
22.Rxb5 Bc6 23.Re5 Rad8 24.Rd4 Nc8 25.Rxe8+ Rxe8 26.exf5 Bb5 27.Bc5 h6 28.Rd2  1-0

[Event "Acropolis GM Open"]
[Site "Athens GRE"]
[Date "2005.03.07"]
[Round "2"]
[White "Tsiamis,K"]
[Black "Papargyriou,A"]
[Result "1-0"]
[WhiteElo "2243"]
[BlackElo "2139"]

1.d4 d5 2.c4 dxc4 3.e4 e5 4.Nf3 exd4 5.Bxc4 Nc6 6.O-O Be6 7.Bxe6 fxe6 8.e5 Bc5
9.Qb3 Qd7 10.Ng5 Nd8 11.Nd2 Ne7 12.Nde4 Bb6 13.Qh3 Nd5 14.f4 g6 15.Re1 O-O
16.Bd2 c5 17.a4 c4 18.a5 c3 19.axb6 cxd2 20.Rf1 a6 21.Rad1 Qe7 22.Rxd2 Nc6
23.Nxe6 Rf5 24.Nc7 Rd8 25.Nxd5 Rxd5 26.Qb3 Qe6 27.Nf6+ Rxf6 28.exf6 Na5 29.Qa2 Qe3+
30.Kh1 Qb3 31.Qb1 Nc4 32.Qe4 Rd8 33.Qxb7  1-0

[Event "Acropolis GM Open"]
[Site "Athens GRE"]
[Date "2005.03.11"]
[Round "6"]
[White "Romanishin,O"]
[Black "Solak,D"]
[Result "1/2-1/2"]
[WhiteElo "2558"]
[BlackElo "2596"]

1.d4 d5 2.c4 dxc4 3.e4 e5 4.Nf3 exd4 5.Bxc4 Nc6 6.O-O Be6 7.Bb5 Bc5 8.Nbd2 Ne7
9.Nb3 Bb6 10.Nbxd4 Bd7 11.Nxc6 Bxc6 12.Qb3 O-O 13.Bg5 Bxb5 14.Qxb5 Qe8 15.Qb3 Ng6  1/2-1/2

[Event "FSGM March"]
[Site "Budapest HUN"]
[Date "2005.03.13"]
[Round "9"]
[White "Ilincic,Z"]
[Black "Lagowski,P"]
[Result "0-1"]
[WhiteElo "2502"]
[BlackElo "2389"]

1.d4 d5 2.c4 dxc4 3.e4 Nf6 4.e5 Nd5 5.Bxc4 Nb6 6.Bb3 Nc6 7.Ne2 Bf5 8.Nbc3 e6
9.a3 Qd7 10.O-O O-O-O 11.Be3 h5 12.Qc1 f6 13.Rd1 Qf7 14.exf6 gxf6 15.Nf4 Bd6
16.d5 exd5 17.Ncxd5 Kb8 18.Ba2 Qg7 19.Nxb6 axb6 20.Ne6 Bxe6 21.Bxe6 f5 22.f4 Rhe8
23.Bxf5 Rxe3 24.Rxd6 Rde8 25.Rd7 Qf6 26.Bh3 Rxh3 27.gxh3 Rg8+ 28.Kf1 Qf5
29.Rd2 Qxh3+ 30.Ke2 Rg2+ 31.Kd1 Rg1+ 32.Kc2 Qf5+ 33.Kb3 Na5+  0-1

[Event "TCh-SWE Elitserien 2004-5"]
[Site "Malmo SWE"]
[Date "2005.03.13"]
[Round "11"]
[White "Penalver,O"]
[Black "Livner,A"]
[Result "0-1"]
[WhiteElo "2108"]
[BlackElo "2250"]

1.d4 d5 2.c4 dxc4 3.e4 e5 4.Nf3 exd4 5.Bxc4 Bb4+ 6.Kf1 Nc6 7.Qb3 Qe7 8.Bg5 Nf6
9.e5 Nxe5 10.Nxe5 Qxe5 11.Bxf7+ Kf8 12.Qxb4+ Kxf7 13.Bxf6 gxf6 14.Nd2 c5
15.Qb3+ Qe6 16.Qf3 b6 17.h4 Qf5 18.Qc6 Ba6+ 19.Kg1 Rhe8 20.Qa4 Bb7 21.Rh3 Rg8
22.Rg3 Qd5 23.Nf3 Qd6 24.Qc4+ Qe6 25.Qd3 Rxg3 26.fxg3 Qe3+ 27.Qxe3 dxe3 28.Re1 Re8
29.Kh2 Bxf3 30.gxf3 Rd8 31.Rxe3 Rd2+ 32.Kh3 Rxb2 33.a3 c4 34.Re4 b5 35.Rd4 Ke7
36.Rd5 a6 37.Kg4 Rb3 38.a4 c3 39.axb5 axb5 40.Kf4 Rb4+ 41.Ke3 Rc4 42.Rd1 c2
43.Rc1 b4 44.Kd3 b3 45.Kxc4 b2 46.Rxc2 b1=Q 47.Rc3 Qe1 48.g4 Qxh4 49.Kd3 Qe1
50.Kd4 Kf7 51.Re3 Qd2+ 52.Rd3 Qf4+ 53.Kc5 Kg6 54.Kb5 Qc1 55.Kb4 Qc6 56.Rc3 Qd6+
57.Kb5 Kg5 58.Rc5+ Qxc5+  0-1

[Event "ch-EU"]
[Site "Cork IRL"]
[Date "2005.03.27"]
[Round "6"]
[White "Cmilyte,V"]
[Black "Jonkman,H"]
[Result "1-0"]
[WhiteElo "2468"]
[BlackElo "2399"]

1.d4 d5 2.c4 dxc4 3.e4 e5 4.Nf3 exd4 5.Bxc4 Nc6 6.O-O Be6 7.Bxe6 fxe6 8.Qb3 Qd7
9.Qxb7 Rb8 10.Qa6 Nf6 11.Nbd2 Bd6 12.Qd3 O-O 13.h3 Kh8 14.a3 Nh5 15.Nc4 e5
16.b4 Qe6 17.Qe2 Nf6 18.Bd2 Ne7 19.Ng5 Qg8 20.f4 Nd7 21.f5 h6 22.Ne6 Rf6
23.Rac1 Nf8 24.Nxd6 cxd6 25.Rc7 Rf7 26.Nxf8 Qxf8 27.Rxa7 Ra8 28.Rxa8 Qxa8
29.Qh5 Kg8 30.Qg4 Kh8 31.f6 gxf6 32.Bxh6 Ng8 33.Bc1 Qc6 34.Qf3 Qc2 35.b5 Rb7
36.Qh5+ Kg7 37.Qg4+ Kf7 38.Bg5 Qb3 39.a4 Ra7 40.Qh4 Kg6 41.Bxf6 Qe3+ 42.Kh2 Qh6
43.Qg4+ Kh7 44.Bg5 Qg6 45.b6  1-0

[Event "ch-RUS w 1st League"]
[Site "Samara RUS"]
[Date "2005.03.28"]
[Round "6"]
[White "Rakitskaja,M"]
[Black "Mashinskaya,I"]
[Result "0-1"]
[WhiteElo "2220"]
[BlackElo "2420"]

1.d4 d5 2.c4 dxc4 3.e4 e5 4.dxe5 Qxd1+ 5.Kxd1 Nc6 6.Bf4 Bg4+ 7.f3 O-O-O+
8.Kc1 Be6 9.Nd2 Nge7 10.Bg3 g5 11.Bxc4 Ng6 12.Bxe6+ fxe6 13.Nh3 Bh6 14.Rd1 Ngxe5
15.Bxe5 Nxe5 16.Kc2 g4 17.fxg4 Nxg4 18.Nf1 Rhf8 19.Rxd8+ Kxd8 20.Re1 Rxf1
21.Rxf1 Ne3+ 22.Kd3 Nxf1 23.Nf2 Nxh2 24.Kd4 Bg7+ 25.e5 h5 26.Ke4 Ng4 27.Nd3 Bxe5
28.Nxe5 Nxe5 29.Kxe5 Ke7 30.b4 c6 31.a4 b6 32.b5 c5 33.g3 Kd7 34.Kf4 Kd6
35.Kg5 c4  0-1

[Event "It C"]
[Site "Dos Hermanas ESP"]
[Date "2005.04.01"]
[Round "1"]
[White "Komljenovic,D"]
[Black "Ivanov,J"]
[Result "1-0"]
[WhiteElo "2477"]
[BlackElo "2350"]

1.d4 d5 2.c4 dxc4 3.e4 Nf6 4.e5 Nd5 5.Bxc4 Nb6 6.Bb3 Nc6 7.Ne2 Bg4 8.Nbc3 e6
9.a3 Be7 10.O-O Qd7 11.Be3 O-O-O 12.Ba2 f6 13.h3 Bh5 14.Rc1 Kb8 15.b4 fxe5
16.dxe5 Qxd1 17.Rfxd1 Nxe5 18.Rxd8+ Bxd8 19.Nf4 Bf7 20.Nxe6 Bxe6 21.Bxe6 Re8
22.Bb3 Nbc4 23.Bd4 Nd2 24.Rd1 Bg5 25.Bc2 Nc6 26.Bxg7 Rg8 27.b5 Rxg7 28.bxc6 bxc6
29.Ne4 Nxe4 30.Bxe4 Kb7 31.Rb1+ Ka6 32.Bxc6 Be7 33.a4 Rg5 34.g3 Rc5 35.Bd7 h5
36.h4 Rd5 37.Bc6 Rd4 38.Kg2 Bb4 39.Be8 Ka5 40.Bxh5 Kxa4 41.Ra1+ Ba3 42.Be8+ Kb3
43.Bf7+ Kb4 44.Rb1+ Ka5 45.Rb7 Bc5 46.Rb2 Rd6 47.h5 Bd4 48.Rc2 c5 49.f4 Rf6
50.Ra2+ Kb6 51.Bc4 a5 52.Kf3 Bc3 53.g4 Rd6 54.Rc2 Bd2 55.h6  1-0

[Event "It"]
[Site "Dos Hermanas ESP"]
[Date "2005.04.02"]
[Round "2"]
[White "Illescas Cordoba,M"]
[Black "Karjakin,Sergey"]
[Result "1/2-1/2"]
[WhiteElo "2633"]
[BlackElo "2635"]

1.d4 d5 2.c4 dxc4 3.e4 Nf6 4.e5 Nd5 5.Bxc4 Nb6 6.Bb3 Nc6 7.Ne2 Bf5 8.Nbc3 e6
9.O-O Qd7 10.Be3 O-O-O 11.a3 Kb8 12.Qc1 Ne7 13.Rd1 Ned5 14.a4 a5 15.Nf4 c6
16.Nd3 Nb4 17.Nxb4 Bxb4 18.Na2 Qe7 19.d5 Nxd5 20.Bxd5 Rxd5 21.Rxd5 cxd5 22.Nxb4 Qxb4
23.Bc5 Qc4 24.Qxc4 dxc4 25.Bb6 Rc8 26.Bxa5 Rc5 27.Bc3 Rd5 28.a5 Bc2 29.f3 Rd1+
30.Rxd1 Bxd1 31.Kf2 Kc7 32.Ke3 Kc6 33.Kd4 Be2 34.Bb4 h5 35.h4  1/2-1/2

[Event "3rd ch-GER Internet Blitz Candidates"]
[Site "playchess INT"]
[Date "2005.04.02"]
[Round "11"]
[White "Polaczek,R"]
[Black "Huch,R"]
[Result "0-1"]
[WhiteElo "2426"]
[BlackElo "2325"]

1.d4 d5 2.c4 dxc4 3.e4 Nf6 4.e5 Nd5 5.Bxc4 Nb6 6.Bb3 Nc6 7.Ne2 e6 8.Nbc3 Bd7
9.O-O Ne7 10.Bc2 Bc6 11.a3 Qd7 12.b4 Nf5 13.Bxf5 exf5 14.Qd3 O-O-O 15.Be3 g6
16.b5 Bd5 17.a4 Bc4 18.Qc2 Nd5 19.Nxd5 Bxd5 20.Rfc1 Kb8 21.Nf4 Be4 22.Qc3 Rc8
23.f3 Bd5 24.b6 axb6 25.a5 Be7 26.Qd3 b5 27.a6 b6 28.Nxd5 Qxd5 29.Rab1 c6
30.Ra1 Ka7 31.Qe2 g5 32.Bf2 f6 33.e6 Rhe8 34.Re1 Bb4  0-1

[Event "62nd ch-POL"]
[Site "Poznan POL"]
[Date "2005.04.21"]
[Round "1"]
[White "Jaracz,P"]
[Black "Warakomski,T"]
[Result "1/2-1/2"]
[WhiteElo "2530"]
[BlackElo "2384"]

1.d4 d5 2.c4 dxc4 3.e4 e5 4.Nf3 exd4 5.Bxc4 Nc6 6.O-O Be6 7.Bxe6 fxe6 8.Qb3 Qd7
9.Qxb7 Rb8 10.Qa6 Nf6 11.Nbd2 Bc5 12.a3 O-O 13.b4 Bb6 14.Bb2 Ng4 15.Qb5 d3
16.Qg5 Nf6 17.Rac1 Rbd8 18.Rc4 h6 19.Qb5 Ne7 20.Qxd7 Rxd7 21.a4 a5 22.Ba3 Ra8
23.Ne5 Rd4 24.bxa5 Rxa5 25.Rxd4 Bxd4 26.Nec4 Rxa4 27.Bxe7 Nxe4 28.Nxe4 Rxc4
29.Rd1 Bb6 30.Nd2 Rc2 31.Bd8 Bd4 32.Bh4 c5 33.Nf3 Bc3 34.Bg3 c4 35.Bf4 g5
36.Be3 e5 37.Kf1 Kf7 38.Nd2 Bxd2 39.Bxd2 c3 40.Be3 e4 41.Rc1 Rxc1+ 42.Bxc1 d2
43.Bxd2 cxd2 44.Ke2 Ke6 45.Kxd2  1/2-1/2

[Event "Torch Real Estate Cup"]
[Site "Jinan CHN"]
[Date "2005.04.22"]
[Round "3"]
[White "Lin Weiguo"]
[Black "Wu Kaiyu"]
[Result "1/2-1/2"]
[WhiteElo "2448"]
[BlackElo "2294"]

1.d4 d5 2.c4 dxc4 3.e4 e5 4.Nf3 exd4 5.Qxd4 Qxd4 6.Nxd4 Bc5 7.Nb5 Na6 8.Bf4 c6
9.Nd6+ Bxd6 10.Bxd6 Be6 11.Nd2 O-O-O 12.e5 Nh6 13.Bxc4 Rhe8 14.Bxa6 bxa6
15.Rc1 Bd5 16.O-O f6 17.Nc4 Nf7 18.f4 fxe5 19.fxe5 Bxc4 20.Rxc4 Nxe5 21.Bxe5 Rxe5
22.Rf7 Rd2 23.Rxc6+ Kb8 24.h4 g5 25.Rg7 gxh4 26.Rh6 Rxb2 27.Rhxh7 Re8 28.a4 Rb4
29.a5 Rb5 30.Kh2 Rxa5 31.Rb7+ Ka8 32.Rxa7+ Kb8 33.Rhb7+ Kc8 34.Rb4 Re6 35.Rxh4 Kb8
36.Rf7 Re8 37.Rh6 Rg8 38.g4 Rag5 39.Rb6+ Kc8 40.Rxa6 Kb8 41.Rb6+ Kc8 42.Rc6+ Kb8  1/2-1/2

[Event "ch-UKR w u20"]
[Site "Kharkiv UKR"]
[Date "2005.04.22"]
[Round "4"]
[White "Maiko,A"]
[Black "Kalinina,O"]
[Result "0-1"]
[WhiteElo "2075"]
[BlackElo "2022"]

1.d4 d5 2.c4 dxc4 3.e4 e5 4.Nf3 exd4 5.Bxc4 Nc6 6.O-O Be6 7.Bb5 Bc5 8.Bg5 f6
9.Bf4 Ne7 10.Nbd2 O-O 11.Nb3 Bb6 12.Rc1 a6 13.Bd3 Ng6 14.Bg3 Qe7 15.Qe2 Nge5
16.Nxe5 Nxe5 17.f4 Bg4 18.Rf3 Bxf3 19.gxf3 Nxd3 20.Qxd3 Rfd8 21.Kh1 c5 22.Nd2 Ba7
23.b3 b5 24.Re1 g6 25.f5 gxf5 26.exf5 Qf7 27.Rg1 Kh8 28.Bh4 c4 29.bxc4 bxc4
30.Qxc4 Rf8 31.Qd3 Rac8 32.Qxa6 d3 33.Bxf6+ Qxf6 34.Qxa7 Rg8 35.Ne4 Qb2 36.Ng5 Rxg5
37.Rxg5 d2 38.Rg1 Qc3 39.Qb7 Rd8 40.f6 Qxf6 41.Qb3 Qd4 42.Rd1 Re8 43.Qf7 Re1+
44.Kg2 Re2+ 45.Kh3 Qd6 46.Kg4 Rg2+ 47.Kf5 Qc5+ 48.Ke4 Re2+ 49.Kd3 Re3+  0-1

[Event "62nd ch-POL"]
[Site "Poznan POL"]
[Date "2005.04.24"]
[Round "4"]
[White "Miton,K"]
[Black "Grabarczyk,M"]
[Result "1-0"]
[WhiteElo "2592"]
[BlackElo "2487"]

1.d4 d5 2.c4 dxc4 3.e4 Nc6 4.Nf3 Bg4 5.d5 Ne5 6.Bf4 Ng6 7.Be3 e5 8.Bxc4 a6
9.Be2 Bd6 10.O-O N8e7 11.Nfd2 Bxe2 12.Qxe2 O-O 13.Nc3 b5 14.a4 b4 15.Na2 Qd7
16.Nc1 f5 17.f3 fxe4 18.fxe4 Rxf1+ 19.Qxf1 Kh8 20.Qc4 Nf4 21.Nd3 Nxd3 22.Qxd3 Ng8
23.h3 Nf6 24.b3 Qe7 25.Rc1 Nd7 26.Rc6 Nb8 27.Rc1 Nd7 28.Qc4 h6 29.Qc6 Qd8
30.Nc4 Nf6 31.Nxd6 cxd6 32.Rc4 Nh5 33.Rxb4 Rc8 34.Qxa6 Rc3 35.Rc4 Rxc4 36.Qxc4 Qh4
37.Bf2 Qf4 38.Qc8+ Kh7 39.Qf5+  1-0

[Event "ch-ARM w"]
[Site "Yerevan ARM"]
[Date "2005.05.17"]
[Round "5"]
[White "Mkrtchian,L"]
[Black "Danielian,E"]
[Result "1/2-1/2"]
[WhiteElo "2400"]
[BlackElo "2415"]

1.d4 d5 2.c4 dxc4 3.e4 Nc6 4.Nf3 Bg4 5.d5 Ne5 6.Bf4 Ng6 7.Be3 e5 8.Bxc4 Nf6
9.Nc3 Bd6 10.Be2 O-O 11.O-O Nf4 12.Bxf4 exf4 13.e5 Bxf3 14.exd6 Bxe2 15.dxc7 Qxc7
16.Qxe2 Rfe8 17.Qf3 g5 18.h3 Rad8 19.Rfe1 Re5 20.Rad1 Qe7 21.Rxe5 Qxe5 22.Qd3 Rd6
23.Qd4 Qxd4 24.Rxd4 Kf8 25.Kf1 Ke7 26.Ke2 Rd7 27.Kd3 Kd6 28.Ra4 b6 29.Kd4 Nxd5
30.Rxa7 Rxa7 31.Nb5+ Ke6 32.Nxa7 h5 33.Nc6 f6 34.Nd8+ Kd6 35.Nf7+ Ke6 36.Nd8+ Kd6
37.Nf7+ Ke6  1/2-1/2

[Event "ch-UKR w"]
[Site "Alushta UKR"]
[Date "2005.05.18"]
[Round "3"]
[White "Ushenina,A"]
[Black "Kalinina,L"]
[Result "1-0"]
[WhiteElo "2350"]
[BlackElo "2177"]

1.d4 d5 2.c4 dxc4 3.e4 e5 4.Nf3 exd4 5.Bxc4 Nc6 6.O-O Be6 7.Bb5 Bc5 8.b4 Bb6
9.a4 a6 10.Bxc6+ bxc6 11.a5 Ba7 12.Qd3 Nf6 13.Bg5 h6 14.Bh4 g5 15.Bg3 O-O
16.Ne5 Bd7 17.f4 c5 18.Nxd7 Nxd7 19.fxg5 hxg5 20.Rf5 Qe7 21.Nd2 cxb4 22.Kh1 Nc5
23.Qc4 Ne6 24.Raf1 d3 25.Be5 Qc5 26.Qxd3 Qe3 27.Qc2 Rad8 28.Nf3 b3 29.Qb2 g4
30.Bf6 Qxe4 31.Rh5 Ng7 32.Bxg7 f6 33.Bxf8 gxf3 34.Rh8+ Kf7 35.Qxb3+ Qd5 36.Qxd5+ Rxd5
37.gxf3 Rxa5 38.Bb4  1-0

[Event "ch-UKR w"]
[Site "Alushta UKR"]
[Date "2005.05.19"]
[Round "4"]
[White "Vasilevich,T"]
[Black "Gordiyenko,A"]
[Result "1-0"]
[WhiteElo "2395"]
[BlackElo "2041"]

1.d4 d5 2.c4 dxc4 3.e4 c5 4.Nf3 cxd4 5.Nxd4 e5 6.Nb5 a6 7.Qxd8+ Kxd8 8.N5c3 Be6
9.Nd2 Nf6 10.Bxc4 Bxc4 11.Nxc4 Nc6 12.Bg5 Bb4 13.O-O-O+ Ke8 14.Bxf6 Bxc3
15.Bxg7 Rg8 16.Nd6+ Kd8 17.bxc3  1-0

[Event "ch-UKR w"]
[Site "Alushta UKR"]
[Date "2005.05.21"]
[Round "6"]
[White "Maiko,A"]
[Black "Matseyko,K"]
[Result "1-0"]
[WhiteElo "2075"]
[BlackElo "2174"]

1.d4 d5 2.c4 dxc4 3.e4 Nf6 4.e5 Nd5 5.Bxc4 e6 6.Nf3 b6 7.O-O Be7 8.Nc3 Bb7
9.a3 O-O 10.Bd3 c5 11.Ne4 Nd7 12.Nfg5 g6 13.Nf3 cxd4 14.Bh6 Re8 15.Nxd4 Nxe5
16.Bb5 Nc7 17.Bxe8 Bxe4 18.Re1 Qd5 19.f3 Bd3 20.Nc6 Bc5+ 21.Kh1 Nc4 22.b3 Rxe8
23.bxc4 Bxc4 24.Qxd5 Bxd5 25.Nb4 Bb7 26.Rad1 Nd5 27.Nxd5 Bxd5 28.Rxd5  1-0

[Event "ch-UKR w"]
[Site "Alushta UKR"]
[Date "2005.05.24"]
[Round "9"]
[White "Vasilevich,T"]
[Black "Ushenina,A"]
[Result "0-1"]
[WhiteElo "2395"]
[BlackElo "2350"]

1.d4 d5 2.c4 dxc4 3.e4 e5 4.Nf3 exd4 5.Bxc4 Nc6 6.O-O Be6 7.Bxe6 fxe6 8.Qb3 Qd7
9.Qxb7 Rb8 10.Qa6 Nf6 11.Nbd2 Bb4 12.Qd3 Bxd2 13.Nxd2 O-O 14.a3 Ne5 15.Qc2 Qd6
16.f3 d3 17.Qd1 Qd4+ 18.Kh1 c5 19.Nb3 Qc4 20.Bf4 Nfd7 21.Bxe5 Nxe5 22.Nd2 Qd4
23.b3 a5 24.a4 c4 25.f4 c3 26.fxe5 cxd2 27.Qxd2 Rxf1+ 28.Rxf1 h6 29.Qxa5 d2
30.Rd1 Rc8 31.Qa6 Rc1 32.Qxe6+ Kh8  0-1